01431nam a22002177a 4500003000400000005001700004020001800021040000600039082002100045100002000066245003900086250001100125260004800136300002500184505054600209520023800755650008000993942001201073999001701085952011101102OSt20170105102939.0 a9781133309598 a0 a150.72bWHI 2013 aTheresa L White aResearch methodscTheresa L. White a9th ed aAustraliabWadsworth Cengage Learningc2013 axx, 458 pagesc24 cm aPsychology and Science -- Developing a Research Question -- Ethics in Research -- Writing in Psychology -- Variables -- Validity -- Control -- Nonexperimental Research, Part I: Observational, Archival and Case-Study Research -- Nonexperimental Research, Part 2: Survey Research -- True Experiments, Part 1: Single-Factor Designs -- True Experiments, Part 2: Factorial Designs -- Single-Subject Experiments -- Quasi Experiments -- Data Exploration PartI: Graphic and Descriptive Techniques -- Data Exploration, Part 2: Inferential Statistics. aProvides psychology students with a scientific approach to understanding their field of study and the world in general. This title illustrates the many creative ways that psychology professionals design and conduct effective research aPsychology, Experimental - Methodology. Psychology -Research - Methodology. 2ddccBK c16430d16430 001040708NFICaCIPSbCIPScGENd2016-06-30l0o150.72 WHI 2013pCIPS0002856r2016-07-26w2016-07-26yBK